| 000 | 00889nam a2200241 a 4500 | ||
|---|---|---|---|
| 005 | 20191224041621.0 | ||
| 008 | 140304b2000 wauad|||r|||| 00| 0 eng d | ||
| 040 |
_aCO-BoIAVH _cCO-BoIAVH |
||
| 041 | 0 | _aeng | |
| 044 | _axxu | ||
| 082 | 0 | 4 |
_a338.63 _bI61w |
| 111 | 2 |
_aInternational Workshop on Bird Conservation in Livestock Production Systems _cVirginia, USA _dAbril 19 de 2000 _n1 |
|
| 245 | 1 | 0 |
_aRecovering paradise : _bmaking pasturelands productive for people and biodiversity |
| 260 |
_aWashington : _bAmerican Bird Conservancy : _bCIPAV, _c2000. |
||
| 300 |
_a23 páginas : _bilustraciones y tablas ; _c28 x 22 cm. |
||
| 504 | _aIncluye referencias bibliográficas. | ||
| 650 | 1 | 6 | _aPastizales |
| 650 | 2 | 6 | _aBiodiversidad |
| 650 | 2 | 6 | _aGanadería |
| 650 | 2 | 6 | _aAgroforesteria |
| 650 | 2 | 6 | _aSistemas silvopascicolas |
| 942 |
_cFolleto _2ddc |
||
| 999 |
_c2038 _d2038 |
||